000 00342 a2200157 4500
001 165349
020 _a
040 _cMagnum
100 _aMurgel Branco, Samuel
240 1 0 _aUm passeio ao fundo do mar
_lpor
245 1 0 _aUm passeio ao fundo do mar
362 0 _a1899
440 1 _aModerna
697 _aIJ/PARADIDATICO
942 _cBK
999 _c165349
_d165349